[Event "Deutsche Ländermeisterschaft 2023"]
[Site "Hannover GER"]
[Date "2023.10.03"]
[Round "5"]
[White "Glowiak, Alexandra"]
[Black "Mester, Philipp"]
[Result "1/2-1/2"]
[Termination "normal"]
[Board "1.6"]
[WhiteElo "1683"]
[BlackElo "1787"]
[WhiteClock "00:02:28"]
[BlackClock "00:17:09"]
[WhiteTeam "Sachsen"]
[BlackTeam "Hessen"]
[PlyCount "131"]
[WhiteFideId "16259530"]
[BlackFideId "34624902"]
[EventCountry "GER"]
[EventRounds "7"]
[EventType "team-swiss"]
[EventDate "2023.09.30"]

1. e4 {[%clk 01:30:59]} {[%emt 01:08:44]} e5 {[%clk 01:30:54]} {[%emt
00:00:07]} 2. Nf3 {[%clk 01:31:26]} {[%emt 00:00:03]} Nc6 {[%clk 01:31:20]}
{[%emt 00:00:04]} 3. Bc4 {[%clk 01:31:52]} {[%emt 00:00:03]} Bc5 {[%clk
01:31:45]} {[%emt 00:00:05]} 4. c3 {[%clk 01:32:19]} {[%emt 00:00:03]} Nf6
{[%clk 01:32:10]} {[%emt 00:00:04]} 5. d3 {[%clk 01:32:46]} {[%emt 00:00:03]}
a6 {[%clk 01:32:25]} {[%emt 00:00:16]} 6. Bb3 {[%clk 01:33:10]} {[%emt
00:00:06]} d6 {[%clk 01:31:34]} {[%emt 00:01:21]} 7. O-O {[%clk 01:32:53]}
{[%emt 00:00:46]} Ba7 {[%clk 01:31:44]} {[%emt 00:00:20]} 8. Re1 {[%clk
01:32:50]} {[%emt 00:00:34]} h6 {[%clk 01:31:08]} {[%emt 00:01:06]} 9. Nbd2
{[%clk 01:32:30]} {[%emt 00:00:50]} O-O {[%clk 01:30:43]} {[%emt 00:00:55]} 10.
Nf1 {[%clk 01:31:51]} {[%emt 00:01:09]} Be6 {[%clk 01:30:16]} {[%emt 00:00:57]}
11. Ng3 {[%clk 01:25:03]} {[%emt 00:07:17]} Re8 {[%clk 01:28:29]} {[%emt
00:02:18]} 12. Be3 {[%clk 01:18:43]} {[%emt 00:06:51]} Bxe3 {[%clk 01:20:37]}
{[%emt 00:08:22]} 13. Rxe3 {[%clk 01:17:07]} {[%emt 00:02:06]} d5 {[%clk
01:20:13]} {[%emt 00:00:55]} 14. exd5 {[%clk 01:15:18]} {[%emt 00:02:18]} Bxd5
{[%clk 01:11:26]} {[%emt 00:09:17]} 15. d4 {[%clk 00:51:45]} {[%emt 00:24:02]}
Bxf3 {[%clk 00:47:03]} {[%emt 00:24:54]} 16. Qxf3 {[%clk 00:47:07]} {[%emt
00:05:08]} exd4 {[%clk 00:46:45]} {[%emt 00:00:48]} 17. Rxe8+ {[%clk 00:45:53]}
{[%emt 00:01:44]} Qxe8 {[%clk 00:47:10]} {[%emt 00:00:05]} 18. cxd4 {[%clk
00:45:43]} {[%emt 00:00:40]} Rd8 {[%clk 00:44:42]} {[%emt 00:02:57]} 19. Nf5
{[%clk 00:34:44]} {[%emt 00:11:29]} Kh7 {[%clk 00:28:21]} {[%emt 00:16:51]} 20.
Qg3 {[%clk 00:16:13]} {[%emt 00:19:02]} g6 {[%clk 00:25:50]} {[%emt 00:03:01]}
21. Ne3 {[%clk 00:10:49]} {[%emt 00:05:54]} Qe7 {[%clk 00:23:44]} {[%emt
00:02:36]} 22. d5 {[%clk 00:11:04]} {[%emt 00:00:15]} Nd4 {[%clk 00:23:49]}
{[%emt 00:00:24]} 23. Qh4 {[%clk 00:07:35]} {[%emt 00:03:59]} Nxb3 {[%clk
00:23:24]} {[%emt 00:00:56]} 24. d6 {[%clk 00:06:54]} {[%emt 00:01:11]} Rxd6
{[%clk 00:22:43]} {[%emt 00:01:10]} 25. axb3 {[%clk 00:07:19]} {[%emt
00:00:06]} Nd5 {[%clk 00:20:30]} {[%emt 00:02:43]} 26. Qxe7 {[%clk 00:07:40]}
{[%emt 00:00:09]} Nxe7 {[%clk 00:20:28]} {[%emt 00:00:32]} 27. Rc1 {[%clk
00:06:45]} {[%emt 00:01:24]} Nd5 {[%clk 00:19:03]} {[%emt 00:01:55]} 28. Nc4
{[%clk 00:06:34]} {[%emt 00:00:42]} Rc6 {[%clk 00:16:38]} {[%emt 00:02:54]} 29.
Rd1 {[%clk 00:06:38]} {[%emt 00:00:27]} Nb6 {[%clk 00:15:02]} {[%emt 00:02:03]}
30. Na5 {[%clk 00:05:53]} {[%emt 00:01:17]} Rc2 {[%clk 00:15:08]} {[%emt
00:00:23]} 31. Rb1 {[%clk 00:06:11]} {[%emt 00:00:13]} Rc5 {[%clk 00:12:41]}
{[%emt 00:02:57]} 32. Nxb7 {[%clk 00:06:34]} {[%emt 00:00:08]} Rb5 {[%clk
00:13:04]} {[%emt 00:00:06]} 33. Rc1 {[%clk 00:05:41]} {[%emt 00:01:24]} Rxb3
{[%clk 00:11:00]} {[%emt 00:02:33]} 34. Rxc7 {[%clk 00:06:01]} {[%emt
00:00:10]} Rxb2 {[%clk 00:11:24]} {[%emt 00:00:06]} 35. g3 {[%clk 00:06:10]}
{[%emt 00:00:21]} Kg8 {[%clk 00:09:02]} {[%emt 00:02:50]} 36. Nd6 {[%clk
00:05:13]} {[%emt 00:01:28]} a5 {[%clk 00:08:28]} {[%emt 00:01:05]} 37. Nxf7
{[%clk 00:02:26]} {[%emt 00:03:17]} a4 {[%clk 00:06:31]} {[%emt 00:02:27]} 38.
Nxh6+ {[%clk 00:02:23]} {[%emt 00:00:33]} Kf8 {[%clk 00:06:56]} {[%emt
00:00:05]} 39. Ra7 {[%clk 00:02:18]} {[%emt 00:00:34]} Rb4 {[%clk 00:03:35]}
{[%emt 00:03:51]} 40. h3 {[%clk 00:01:14]} {[%emt 00:01:34]} Ke8 {[%clk
00:00:55]} {[%emt 00:03:09]} 41. Ng4 {[%clk 00:29:11]} {[%emt 00:02:32]} Kd8
{[%clk 00:30:04]} {[%emt 00:01:21]} 42. Ne5 {[%clk 00:24:56]} {[%emt 00:04:45]}
Kc8 {[%clk 00:28:49]} {[%emt 00:01:46]} 43. h4 {[%clk 00:23:24]} {[%emt
00:02:01]} Rb5 {[%clk 00:25:56]} {[%emt 00:03:22]} 44. f4 {[%clk 00:20:13]}
{[%emt 00:03:43]} Rc5 {[%clk 00:23:24]} {[%emt 00:03:00]} 45. Kf2 {[%clk
00:14:59]} {[%emt 00:05:45]} Kb8 {[%clk 00:23:18]} {[%emt 00:00:38]} 46. Nd7+
{[%clk 00:14:53]} {[%emt 00:00:35]} Kxa7 {[%clk 00:19:32]} {[%emt 00:04:17]}
47. Nxc5 {[%clk 00:15:21]} {[%emt 00:00:02]} a3 {[%clk 00:19:59]} {[%emt
00:00:02]} 48. Ke2 {[%clk 00:11:13]} {[%emt 00:04:38]} Na4 {[%clk 00:20:05]}
{[%emt 00:00:24]} 49. Nb3 {[%clk 00:11:09]} {[%emt 00:00:32]} Kb6 {[%clk
00:19:25]} {[%emt 00:01:12]} 50. Kd2 {[%clk 00:10:21]} {[%emt 00:01:17]} Kb5
{[%clk 00:17:26]} {[%emt 00:02:30]} 51. f5 {[%clk 00:06:44]} {[%emt 00:04:07]}
gxf5 {[%clk 00:16:19]} {[%emt 00:01:37]} 52. h5 {[%clk 00:07:06]} {[%emt
00:00:08]} Nb6 {[%clk 00:16:20]} {[%emt 00:00:29]} 53. h6 {[%clk 00:06:39]}
{[%emt 00:00:57]} Nc4+ {[%clk 00:16:04]} {[%emt 00:00:46]} 54. Kc3 {[%clk
00:07:01]} {[%emt 00:00:07]} Ne5 {[%clk 00:16:09]} {[%emt 00:00:24]} 55. h7
{[%clk 00:06:20]} {[%emt 00:01:11]} Ng6 {[%clk 00:16:13]} {[%emt 00:00:27]} 56.
Nd4+ {[%clk 00:06:36]} {[%emt 00:00:14]} Kc5 {[%clk 00:16:21]} {[%emt
00:00:22]} 57. Nxf5 {[%clk 00:07:01]} {[%emt 00:00:05]} Nh8 {[%clk 00:16:10]}
{[%emt 00:00:40]} 58. Nh4 {[%clk 00:01:13]} {[%emt 00:06:19]} Kd5 {[%clk
00:15:39]} {[%emt 00:01:00]} 59. g4 {[%clk 00:01:12]} {[%emt 00:00:31]} Ke6
{[%clk 00:15:56]} {[%emt 00:00:13]} 60. g5 {[%clk 00:01:01]} {[%emt 00:00:41]}
Kf7 {[%clk 00:15:44]} {[%emt 00:00:42]} 61. Kb3 {[%clk 00:00:57]} {[%emt
00:00:34]} Kg7 {[%clk 00:15:49]} {[%emt 00:00:24]} 62. Kxa3 {[%clk 00:01:14]}
{[%emt 00:00:14]} Kxh7 {[%clk 00:16:11]} {[%emt 00:00:08]} 63. Kb4 {[%clk
00:01:25]} {[%emt 00:00:19]} Nf7 {[%clk 00:16:26]} {[%emt 00:00:15]} 64. g6+
{[%clk 00:01:39]} {[%emt 00:00:16]} Kg7 {[%clk 00:16:49]} {[%emt 00:00:06]} 65.
Kc5 {[%clk 00:02:04]} {[%emt 00:00:05]} Nh8 {[%clk 00:17:09]} {[%emt 00:00:09]}
66. Kd5 {[%clk 00:02:28]} {[%emt 00:00:06]} 1/2-1/2

[Event "Deutsche Ländermeisterschaft 2023"]
[Site "Hannover GER"]
[Date "2023.10.03"]
[Round "5"]
[White "Bezsonna, Polina"]
[Black "Nguyen, Jenny Ha-Linh"]
[Result "0-1"]
[Termination "normal"]
[Board "1.7"]
[WhiteElo "1783"]
[BlackElo "1591"]
[WhiteClock "00:15:32"]
[BlackClock "00:01:29"]
[WhiteTeam "Hessen"]
[BlackTeam "Sachsen"]
[PlyCount "130"]
[WhiteFideId "14191156"]
[BlackFideId "16209729"]
[EventCountry "GER"]
[EventRounds "7"]
[EventType "team-swiss"]
[EventDate "2023.09.30"]

1. e4 {[%clk 01:30:58]} {[%emt 00:00:02]} e6 {[%clk 01:30:55]} {[%emt
00:00:05]} 2. d4 {[%clk 01:31:20]} {[%emt 00:00:07]} d5 {[%clk 01:31:21]}
{[%emt 00:00:04]} 3. Nc3 {[%clk 01:31:46]} {[%emt 00:00:04]} Nf6 {[%clk
01:31:40]} {[%emt 00:00:11]} 4. e5 {[%clk 01:32:10]} {[%emt 00:00:08]} Nfd7
{[%clk 01:31:56]} {[%emt 00:00:13]} 5. f4 {[%clk 01:32:35]} {[%emt 00:00:06]}
c5 {[%clk 01:32:03]} {[%emt 00:00:22]} 6. Nf3 {[%clk 01:32:54]} {[%emt
00:00:11]} Nc6 {[%clk 01:31:50]} {[%emt 00:00:43]} 7. Be3 {[%clk 01:33:12]}
{[%emt 00:00:11]} Be7 {[%clk 01:26:14]} {[%emt 00:06:07]} 8. Qd2 {[%clk
01:32:46]} {[%emt 00:00:56]} cxd4 {[%clk 01:12:29]} {[%emt 00:14:14]} 9. Nxd4
{[%clk 01:32:23]} {[%emt 00:00:53]} O-O {[%clk 01:11:41]} {[%emt 00:01:18]} 10.
Bb5 {[%clk 01:24:18]} {[%emt 00:08:35]} Qc7 {[%clk 01:09:53]} {[%emt 00:02:18]}
11. Nb3 {[%clk 01:17:18]} {[%emt 00:07:30]} a6 {[%clk 01:06:15]} {[%emt
00:04:07]} 12. Bd3 {[%clk 01:15:45]} {[%emt 00:02:04]} f6 {[%clk 00:56:33]}
{[%emt 00:10:12]} 13. exf6 {[%clk 01:10:32]} {[%emt 00:05:42]} Nxf6 {[%clk
00:56:54]} {[%emt 00:00:09]} 14. O-O {[%clk 01:09:31]} {[%emt 00:01:32]} Bd6
{[%clk 00:50:13]} {[%emt 00:07:11]} 15. Be2 {[%clk 01:02:13]} {[%emt 00:07:48]}
Bd7 {[%clk 00:45:54]} {[%emt 00:04:50]} 16. h3 {[%clk 01:01:10]} {[%emt
00:01:33]} Rac8 {[%clk 00:40:58]} {[%emt 00:05:25]} 17. Rad1 {[%clk 00:54:39]}
{[%emt 00:07:01]} Ne7 {[%clk 00:37:46]} {[%emt 00:03:42]} 18. g4 {[%clk
00:50:42]} {[%emt 00:04:27]} Be8 {[%clk 00:32:50]} {[%emt 00:05:25]} 19. Nd4
{[%clk 00:46:00]} {[%emt 00:05:13]} Bf7 {[%clk 00:31:40]} {[%emt 00:01:39]} 20.
Nf3 {[%clk 00:44:16]} {[%emt 00:02:14]} Bb4 {[%clk 00:30:01]} {[%emt 00:02:09]}
21. Bd4 {[%clk 00:43:47]} {[%emt 00:00:59]} Ne4 {[%clk 00:30:19]} {[%emt
00:00:12]} 22. Qe3 {[%clk 00:42:02]} {[%emt 00:02:16]} Nxc3 {[%clk 00:30:01]}
{[%emt 00:00:48]} 23. bxc3 {[%clk 00:41:58]} {[%emt 00:00:34]} Bxc3 {[%clk
00:30:19]} {[%emt 00:00:11]} 24. Bd3 {[%clk 00:35:45]} {[%emt 00:06:44]} Bxd4
{[%clk 00:28:41]} {[%emt 00:02:08]} 25. Qxd4 {[%clk 00:35:21]} {[%emt
00:00:54]} Bg6 {[%clk 00:25:28]} {[%emt 00:03:42]} 26. Ng5 {[%clk 00:34:49]}
{[%emt 00:01:03]} Qd7 {[%clk 00:22:39]} {[%emt 00:03:19]} 27. Rde1 {[%clk
00:31:24]} {[%emt 00:03:56]} Rf6 {[%clk 00:18:47]} {[%emt 00:04:21]} 28. Re2
{[%clk 00:16:56]} {[%emt 00:14:59]} h6 {[%clk 00:15:39]} {[%emt 00:03:38]} 29.
Nf3 {[%clk 00:16:19]} {[%emt 00:01:07]} Nc6 {[%clk 00:14:21]} {[%emt 00:01:48]}
30. Qe3 {[%clk 00:14:34]} {[%emt 00:02:15]} Bxd3 {[%clk 00:14:34]} {[%emt
00:00:17]} 31. cxd3 {[%clk 00:14:40]} {[%emt 00:00:23]} Rcf8 {[%clk 00:11:09]}
{[%emt 00:03:55]} 32. Nd2 {[%clk 00:08:21]} {[%emt 00:06:50]} Qd6 {[%clk
00:08:31]} {[%emt 00:03:08]} 33. Ref2 {[%clk 00:04:03]} {[%emt 00:04:49]} Qa3
{[%clk 00:04:38]} {[%emt 00:04:22]} 34. Nb3 {[%clk 00:03:22]} {[%emt 00:01:12]}
Nb4 {[%clk 00:03:00]} {[%emt 00:02:08]} 35. Nc5 {[%clk 00:02:35]} {[%emt
00:01:16]} R8f7 {[%clk 00:02:57]} {[%emt 00:00:33]} 36. Nxe6 {[%clk 00:01:20]}
{[%emt 00:01:46]} Qxd3 {[%clk 00:03:18]} {[%emt 00:00:09]} 37. Qxd3 {[%clk
00:00:53]} {[%emt 00:00:56]} Nxd3 {[%clk 00:03:42]} {[%emt 00:00:05]} 38. Rd2
{[%clk 00:00:51]} {[%emt 00:00:32]} Nxf4 {[%clk 00:01:15]} {[%emt 00:02:58]}
39. Nxf4 {[%clk 00:00:59]} {[%emt 00:00:23]} Rxf4 {[%clk 00:01:41]} {[%emt
00:00:04]} 40. Rxf4 {[%clk 00:00:35]} {[%emt 00:00:53]} Rxf4 {[%clk 00:02:06]}
{[%emt 00:00:05]} 41. Rxd5 {[%clk 00:00:53]} {[%emt 00:00:13]} Ra4 {[%clk
00:01:09]} {[%emt 00:01:27]} 42. Rd2 {[%clk 00:27:28]} {[%emt 00:03:55]} b5
{[%clk 00:28:31]} {[%emt 00:03:08]} 43. Rg2 {[%clk 00:26:06]} {[%emt 00:01:52]}
g5 {[%clk 00:27:38]} {[%emt 00:01:22]} 44. Kf1 {[%clk 00:25:22]} {[%emt
00:01:15]} Ra3 {[%clk 00:27:06]} {[%emt 00:01:02]} 45. Rh2 {[%clk 00:25:37]}
{[%emt 00:00:15]} Kf7 {[%clk 00:25:51]} {[%emt 00:01:45]} 46. Ke1 {[%clk
00:23:52]} {[%emt 00:02:15]} Rc3 {[%clk 00:25:39]} {[%emt 00:00:41]} 47. Kd2
{[%clk 00:23:18]} {[%emt 00:01:04]} b4 {[%clk 00:26:02]} {[%emt 00:00:07]} 48.
h4 {[%clk 00:22:53]} {[%emt 00:00:56]} Ra3 {[%clk 00:23:08]} {[%emt 00:03:24]}
49. Kc1 {[%clk 00:22:57]} {[%emt 00:00:25]} gxh4 {[%clk 00:20:11]} {[%emt
00:03:27]} 50. Rxh4 {[%clk 00:23:09]} {[%emt 00:00:18]} Kg6 {[%clk 00:11:39]}
{[%emt 00:09:02]} 51. Kb2 {[%clk 00:23:01]} {[%emt 00:00:38]} Rg3 {[%clk
00:11:17]} {[%emt 00:00:52]} 52. g5 {[%clk 00:19:05]} {[%emt 00:04:26]} Rxg5
{[%clk 00:07:53]} {[%emt 00:03:54]} 53. Kb3 {[%clk 00:15:39]} {[%emt 00:03:56]}
a5 {[%clk 00:07:04]} {[%emt 00:01:19]} 54. Ka4 {[%clk 00:15:28]} {[%emt
00:00:42]} Rf5 {[%clk 00:05:23]} {[%emt 00:02:11]} 55. Rh2 {[%clk 00:15:22]}
{[%emt 00:00:36]} Kg5 {[%clk 00:03:40]} {[%emt 00:02:13]} 56. Kb3 {[%clk
00:15:12]} {[%emt 00:00:39]} h5 {[%clk 00:02:43]} {[%emt 00:01:27]} 57. Kc4
{[%clk 00:15:26]} {[%emt 00:00:16]} h4 {[%clk 00:02:04]} {[%emt 00:01:09]} 58.
Kd3 {[%clk 00:15:46]} {[%emt 00:00:10]} Rf3+ {[%clk 00:01:50]} {[%emt
00:00:45]} 59. Ke2 {[%clk 00:15:29]} {[%emt 00:00:46]} Ra3 {[%clk 00:01:36]}
{[%emt 00:00:44]} 60. Kf1 {[%clk 00:15:39]} {[%emt 00:00:20]} Kg4 {[%clk
00:01:49]} {[%emt 00:00:17]} 61. Kg1 {[%clk 00:15:49]} {[%emt 00:00:19]} a4
{[%clk 00:01:11]} {[%emt 00:01:08]} 62. Rb2 {[%clk 00:15:22]} {[%emt 00:00:56]}
b3 {[%clk 00:01:02]} {[%emt 00:00:39]} 63. axb3 {[%clk 00:14:49]} {[%emt
00:01:04]} Rxb3 {[%clk 00:00:38]} {[%emt 00:00:54]} 64. Ra2 {[%clk 00:15:07]}
{[%emt 00:00:11]} a3 {[%clk 00:01:04]} {[%emt 00:00:05]} 65. Kh1 {[%clk
00:15:32]} {[%emt 00:00:05]} Rb1+ {[%clk 00:01:29]} {[%emt 00:00:05]} 0-1

[Event "Deutsche Ländermeisterschaft 2023"]
[Site "Hannover GER"]
[Date "2023.10.03"]
[Round "5"]
[White "Mehner, Clara"]
[Black "Wolf, Helena"]
[Result "1-0"]
[Termination "normal"]
[Board "1.8"]
[WhiteElo "1339"]
[BlackElo "1155"]
[WhiteClock "00:09:27"]
[BlackClock "00:03:17"]
[WhiteTeam "Sachsen"]
[BlackTeam "Hessen"]
[PlyCount "91"]
[WhiteFideId "34612165"]
[BlackFideId "34671030"]
[EventCountry "GER"]
[EventRounds "7"]
[EventType "team-swiss"]
[EventDate "2023.09.30"]

1. e4 {[%clk 01:30:59]} d6 {[%clk 01:30:55]} {[%emt 00:00:05]} 2. d4 {[%clk
01:31:18]} {[%emt 00:00:12]} Nf6 {[%clk 01:31:18]} {[%emt 00:00:06]} 3. Nc3
{[%clk 01:31:11]} {[%emt 00:00:37]} Nbd7 {[%clk 01:31:39]} {[%emt 00:00:09]} 4.
Nf3 {[%clk 01:30:10]} {[%emt 00:01:31]} e5 {[%clk 01:31:54]} {[%emt 00:00:15]}
5. Bc4 {[%clk 01:26:11]} {[%emt 00:04:29]} Be7 {[%clk 01:29:53]} {[%emt
00:02:31]} 6. O-O {[%clk 01:22:52]} {[%emt 00:03:50]} O-O {[%clk 01:30:04]}
{[%emt 00:00:18]} 7. Re1 {[%clk 01:18:24]} {[%emt 00:04:59]} c6 {[%clk
01:26:53]} {[%emt 00:03:40]} 8. Bd2 {[%clk 01:12:58]} {[%emt 00:05:57]} b6
{[%clk 01:11:48]} {[%emt 00:15:34]} 9. Bg5 {[%clk 01:03:36]} {[%emt 00:09:52]}
h6 {[%clk 01:11:20]} {[%emt 00:00:58]} 10. Bh4 {[%clk 01:03:12]} {[%emt
00:00:55]} Bb7 {[%clk 01:09:46]} {[%emt 00:02:03]} 11. Qe2 {[%clk 00:55:36]}
{[%emt 00:08:06]} b5 {[%clk 01:05:54]} {[%emt 00:04:22]} 12. Bb3 {[%clk
00:55:01]} {[%emt 00:01:05]} a5 {[%clk 01:02:50]} {[%emt 00:03:34]} 13. a4
{[%clk 00:49:32]} {[%emt 00:06:00]} b4 {[%clk 01:01:30]} {[%emt 00:01:49]} 14.
Nd1 {[%clk 00:45:50]} {[%emt 00:04:12]} Ba6 {[%clk 00:58:58]} {[%emt 00:03:01]}
15. Qd2 {[%clk 00:39:05]} {[%emt 00:07:14]} Rc8 {[%clk 00:44:28]} {[%emt
00:15:02]} 16. Bxf6 {[%clk 00:32:55]} {[%emt 00:06:40]} Bxf6 {[%clk 00:44:46]}
{[%emt 00:00:12]} 17. Ne3 {[%clk 00:32:35]} {[%emt 00:00:50]} Nb6 {[%clk
00:34:46]} {[%emt 00:10:29]} 18. Nf5 {[%clk 00:27:55]} {[%emt 00:05:12]} Re8
{[%clk 00:25:34]} {[%emt 00:09:41]} 19. dxe5 {[%clk 00:23:58]} {[%emt
00:04:28]} Bxe5 {[%clk 00:18:17]} {[%emt 00:07:47]} 20. Nxe5 {[%clk 00:21:33]}
{[%emt 00:02:56]} Rxe5 {[%clk 00:15:09]} {[%emt 00:03:36]} 21. Qxd6 {[%clk
00:20:03]} {[%emt 00:02:01]} Qxd6 {[%clk 00:14:39]} {[%emt 00:01:00]} 22. Nxd6
{[%clk 00:20:26]} {[%emt 00:00:07]} Rc7 {[%clk 00:14:39]} {[%emt 00:00:30]} 23.
Rad1 {[%clk 00:18:44]} {[%emt 00:02:12]} Rce7 {[%clk 00:13:15]} {[%emt
00:01:54]} 24. f3 {[%clk 00:17:15]} {[%emt 00:01:59]} Nd5 {[%clk 00:10:57]}
{[%emt 00:02:47]} 25. Kf2 {[%clk 00:11:47]} {[%emt 00:05:59]} g6 {[%clk
00:10:08]} {[%emt 00:01:18]} 26. exd5 {[%clk 00:11:04]} {[%emt 00:01:13]} cxd5
{[%clk 00:08:31]} {[%emt 00:02:07]} 27. Rxe5 {[%clk 00:10:23]} {[%emt
00:01:11]} Rxe5 {[%clk 00:08:36]} {[%emt 00:00:25]} 28. Rxd5 {[%clk 00:09:46]}
{[%emt 00:01:08]} Rxd5 {[%clk 00:07:08]} {[%emt 00:01:57]} 29. Bxd5 {[%clk
00:10:02]} {[%emt 00:00:15]} Kg7 {[%clk 00:07:04]} {[%emt 00:00:33]} 30. Nxf7
{[%clk 00:09:32]} {[%emt 00:01:00]} Bc8 {[%clk 00:05:57]} {[%emt 00:01:37]} 31.
Nd8 {[%clk 00:09:13]} {[%emt 00:00:49]} Bd7 {[%clk 00:04:45]} {[%emt 00:01:42]}
32. b3 {[%clk 00:08:36]} {[%emt 00:01:07]} Kf6 {[%clk 00:04:30]} {[%emt
00:00:45]} 33. Nb7 {[%clk 00:08:27]} {[%emt 00:00:40]} Ke5 {[%clk 00:03:35]}
{[%emt 00:01:24]} 34. Be4 {[%clk 00:08:32]} {[%emt 00:00:24]} Bf5 {[%clk
00:03:20]} {[%emt 00:00:45]} 35. Bxf5 {[%clk 00:08:43]} {[%emt 00:00:19]} gxf5
{[%clk 00:03:21]} {[%emt 00:00:29]} 36. Nxa5 {[%clk 00:08:56]} {[%emt
00:00:18]} Kd5 {[%clk 00:03:14]} {[%emt 00:00:36]} 37. Ke3 {[%clk 00:08:23]}
{[%emt 00:01:03]} Kc5 {[%clk 00:03:00]} {[%emt 00:00:45]} 38. Nc4 {[%clk
00:08:04]} {[%emt 00:00:48]} Kd5 {[%clk 00:03:09]} {[%emt 00:00:20]} 39. a5
{[%clk 00:08:10]} {[%emt 00:00:26]} Kc5 {[%clk 00:03:25]} {[%emt 00:00:13]} 40.
Kf4 {[%clk 00:08:25]} {[%emt 00:00:15]} Kd5 {[%clk 00:03:22]} {[%emt 00:00:33]}
41. Kxf5 {[%clk 00:08:35]} {[%emt 00:00:21]} Kc5 {[%clk 00:03:23]} {[%emt
00:00:28]} 42. Ke6 {[%clk 00:08:41]} {[%emt 00:00:25]} Kc6 {[%clk 00:03:30]}
{[%emt 00:00:22]} 43. f4 {[%clk 00:08:58]} {[%emt 00:00:15]} Kc7 {[%clk
00:03:22]} {[%emt 00:00:37]} 44. f5 {[%clk 00:09:12]} {[%emt 00:00:16]} Kd8
{[%clk 00:03:06]} {[%emt 00:00:45]} 45. f6 {[%clk 00:09:11]} {[%emt 00:00:32]}
Ke8 {[%clk 00:03:17]} {[%emt 00:00:19]} 46. a6 {[%clk 00:09:27]} {[%emt
00:00:14]} 1-0

[Event "Deutsche Ländermeisterschaft 2023"]
[Site "Hannover GER"]
[Date "2023.10.03"]
[Round "5"]
[White "Pubantz, Jan"]
[Black "Besou, Hussain"]
[Result "1/2-1/2"]
[Termination "normal"]
[Board "2.1"]
[BlackTitle "FM"]
[WhiteElo "2299"]
[BlackElo "2353"]
[WhiteClock "00:01:49"]
[BlackClock "00:00:59"]
[WhiteTeam "Niedersachsen"]
[BlackTeam "Nordrhein-Westfalen"]
[PlyCount "63"]
[WhiteFideId "12996114"]
[BlackFideId "16269950"]
[EventCountry "GER"]
[EventRounds "7"]
[EventType "team-swiss"]
[EventDate "2023.09.30"]

1. d4 {[%clk 01:30:58]} {[%emt 00:00:01]} d5 {[%clk 01:30:46]} {[%emt
00:00:14]} 2. c4 {[%clk 01:31:24]} {[%emt 00:00:05]} dxc4 {[%clk 01:31:12]}
{[%emt 00:00:03]} 3. Nf3 {[%clk 01:31:46]} {[%emt 00:00:08]} Nf6 {[%clk
01:31:32]} {[%emt 00:00:10]} 4. e3 {[%clk 01:32:01]} {[%emt 00:00:16]} e6
{[%clk 01:31:56]} {[%emt 00:00:05]} 5. Bxc4 {[%clk 01:32:11]} {[%emt 00:00:20]}
a6 {[%clk 01:32:17]} {[%emt 00:00:08]} 6. O-O {[%clk 01:32:05]} {[%emt
00:00:37]} b5 {[%clk 01:32:14]} {[%emt 00:00:32]} 7. Be2 {[%clk 01:31:57]}
{[%emt 00:00:39]} Bb7 {[%clk 01:32:24]} {[%emt 00:00:19]} 8. a4 {[%clk
01:30:21]} {[%emt 00:02:06]} b4 {[%clk 01:32:43]} {[%emt 00:00:10]} 9. a5
{[%clk 01:24:50]} {[%emt 00:06:03]} c5 {[%clk 01:24:54]} {[%emt 00:08:19]} 10.
dxc5 {[%clk 01:21:00]} {[%emt 00:04:20]} Nbd7 {[%clk 01:21:14]} {[%emt
00:04:09]} 11. c6 {[%clk 01:11:28]} {[%emt 00:10:04]} Bxc6 {[%clk 01:21:38]}
{[%emt 00:00:06]} 12. Nd4 {[%clk 01:11:42]} {[%emt 00:00:16]} Bb7 {[%clk
01:20:23]} {[%emt 00:01:45]} 13. Nd2 {[%clk 00:52:44]} {[%emt 00:19:29]} e5
{[%clk 01:11:05]} {[%emt 00:09:47]} 14. Bf3 {[%clk 00:45:50]} {[%emt 00:07:24]}
e4 {[%clk 00:59:26]} {[%emt 00:12:08]} 15. Be2 {[%clk 00:45:47]} {[%emt
00:00:34]} Qc7 {[%clk 00:58:52]} {[%emt 00:01:03]} 16. Nc4 {[%clk 00:43:34]}
{[%emt 00:02:44]} Bc5 {[%clk 00:56:32]} {[%emt 00:02:50]} 17. b3 {[%clk
00:40:48]} {[%emt 00:03:17]} O-O {[%clk 00:53:27]} {[%emt 00:03:34]} 18. Bb2
{[%clk 00:41:10]} {[%emt 00:00:09]} g6 {[%clk 00:46:46]} {[%emt 00:07:11]} 19.
Qc2 {[%clk 00:38:34]} {[%emt 00:03:06]} Rfe8 {[%clk 00:44:19]} {[%emt
00:02:57]} 20. Rac1 {[%clk 00:35:42]} {[%emt 00:03:23]} Rac8 {[%clk 00:42:59]}
{[%emt 00:01:48]} 21. Qd2 {[%clk 00:25:25]} {[%emt 00:10:48]} Qd8 {[%clk
00:38:02]} {[%emt 00:05:27]} 22. Kh1 {[%clk 00:23:23]} {[%emt 00:02:32]} Nd5
{[%clk 00:35:13]} {[%emt 00:03:18]} 23. f4 {[%clk 00:21:39]} {[%emt 00:02:15]}
exf3 {[%clk 00:22:58]} {[%emt 00:12:45]} 24. Bxf3 {[%clk 00:21:47]} {[%emt
00:00:23]} Qg5 {[%clk 00:22:39]} {[%emt 00:00:48]} 25. Qf2 {[%clk 00:21:33]}
{[%emt 00:00:43]} f5 {[%clk 00:11:47]} {[%emt 00:11:23]} 26. Rcd1 {[%clk
00:13:39]} {[%emt 00:08:25]} N7f6 {[%clk 00:04:12]} {[%emt 00:08:04]} 27. Nxf5
{[%clk 00:10:42]} {[%emt 00:03:28]} Qxf5 {[%clk 00:02:51]} {[%emt 00:01:50]}
28. Bxf6 {[%clk 00:09:50]} {[%emt 00:01:22]} Nxe3 {[%clk 00:01:12]} {[%emt
00:02:09]} 29. Nxe3 {[%clk 00:04:43]} {[%emt 00:05:38]} Bxe3 {[%clk 00:01:30]}
{[%emt 00:00:11]} 30. Qb2 {[%clk 00:02:58]} {[%emt 00:02:16]} Bxf3 {[%clk
00:00:55]} {[%emt 00:01:06]} 31. Rxf3 {[%clk 00:03:24]} {[%emt 00:00:03]} Qc2
{[%clk 00:00:59]} {[%emt 00:00:25]} 32. Qxc2 {[%clk 00:01:49]} {[%emt
00:02:06]} 1/2-1/2